000 00599nam a2200205Ia 4500
005 20250508162335.0
008 008 250505s9999 xx 000 0 eng d
020 _a0-205-06935-5
037 _aTextual
040 _aFEDL
_beng
_cFEDL
041 _aeng
_2eng
084 _a001.422, SHA
_qFEDL
100 _aShavelson Richard J
_9772912
245 0 _aStatistical reasoning for the behavioral sciences
260 _aBoston, USA
_bAllyn and Bacon
_c1981
300 _a673p.
650 _aStatistics Methods
_9756281
942 _cTEXL
_h001.422, SHA
999 _c1375935
_d1375935